Statistiken für NFL Teams nach College

Klicken Sie hier um das Quiz zu spielen!

Allgemein

  • Dieses Quiz wurde 252 mal gespielt
  • Das Durchschnittsergebnis liegt bei 20 aus 32

Antwortstatistiken

HintAntwort% Korrekt
LSULSUOklahomaBengals
91%
Texas TechLSUWestern MichiganChiefs
85%
ClemsonClemsonColoradoJaguars
83%
LouisvilleOhio St.MinnesotaRavens
82%
Ohio St.BYUIowa St.Jets
81%
AlabamaPurdueWest AlabamaDolphins
74%
LibertyAlabamaArkansasTitans
71%
WyomingGeorgiaMarylandBills
70%
Fresno St.ClemsonAlabamaRaiders
66%
AlabamaPittGeorgiaSteelers
66%
OklahomaPurduePittCardinals
65%
ClemsonOregonWestern ColoradoChargers
64%
Penn St.DukeNorthern IllinoisGiants
63%
GeorgiaFlorida St.Penn St.Rams
62%
Ohio St.TulaneIowa St.Bears
60%
Penn St.LSUMichiganBuccaneers
60%
North Dakota St.Penn St.MemphisCommanders
60%
North Dakota St.South CarolinaOhio St.49ers
59%
AlabamaAlabamaLouisvillePatriots
59%
LSUFlorida St.TennesseeSaints
59%
CalGeorgiaAlabamaLions
58%
Michigan St.LSUFlorida St.Vikings
58%
OklahomaOle MissPenn St.Eagles
57%
WisconsinAlabamaNorth CarolinaBroncos
55%
Mississippi St.Ohio St.OklahomaCowboys
55%
WisconsinBoston CollegeUSCColts
53%
ToledoClemsonAlabamaBrowns
51%
OregonTennesseeUSCFalcons
49%
Utah St.North Dakota St.TexasPackers
49%
USCMarylandStanfordPanthers
48%
Kansas StateSan Diego St.MissouriSeahawks
45%
StanfordOregon St.FloridaTexans
42%

Verteilung der Resultate

Perzentil nach korrekt beantworteten Fragen

Anzahl Personen mit jedem Resultat

Ihre Resultats-Entwicklung

Sie haben dieses Quiz noch nicht gespielt